000 00612nam a22001697a 4500
999 _c12068
_d12068
005 20190420191454.0
008 181216c2018 ru ||||| |||| 00| 0 rus d
022 _a2072-8158
041 _ageo
245 _aВОДА химия и екология :
_b2018 : Всероссийский научно-практический журнал /
_cред. Н.Н. Кулов
260 _aМосква :
_bПринтэлит,
_c2018.
300 _av.
653 _aეკოლოგია
653 _aპერიოდიკა
700 _aКулов, Н. Н.
_eრედაქტორი
_985
942 _2udc
_cCR